LDR 00735naa#a2200145#i#450# 001 RU\\bibl\114850 005 20260418183945.6 011 ## _a2409-1073 100 ## _a20260401b2026####ek#y0rusy0150####ca 102 ## _aRU 200 1# _aКнижные новинки _eЖурнальная статья 210 1# _aМосква _cФедеральное государственное автономное образовательное учреждение высшего образования Национальный исследовательский университет "Московский институт электронной техники" _d2026 215 ## _a0 с. 608 ## _aЖурнальная статья _2local 856 4# _aesgi-journal.ru _u